000 00416cam a2200181ua 4500
020 _c6.50
041 _ahin
_h
082 _a891.54
_bGUL/SI
100 _aGulabray, .
245 _aSiddhanth aur adyayan /
_cGulabray.
_hTextual Documents
250 _a5 /
_b.
260 _a :
_bAtmaram and Sons ,
_c1960.
300 _a312 ; .
365 _a6.50
504 _a
942 _cBK
999 _c8363
_d8363